[Event "NOR ch"]
[Site "Fredrikstad"]
[Date "2003.07.11"]
[Round "8"]
[White "Christenson, Flemming"]
[Black "Kristensen, Bjarke"]
[Result "1-0"]
[WhiteElo "2272"]
[BlackElo "2370"]
[PlyCount "80"]
[EventDate "2003.07.??"]

1. d4 Nf6 2. Nf3 d5 3. c4 e6 4. Nc3 Be7 5. Bg5 Nbd7 6. e3 h6 7. Bh4 O-O 8. Rc1
a6 9. cxd5 exd5 10. Bd3 c6 11. O-O Ne4 12. Bxe7 Qxe7 13. Bxe4 dxe4 14. Nd2 Nf6
15. b4 Re8 16. Qb3 Bf5 17. a4 Rad8 18. Qb2 Ng4 19. h3 Nf6 20. Nc4 Nh7 21. f4
exf3 22. Rxf3 Be6 23. Ne5 f6 24. Ng6 Qc7 25. Nf4 Ng5 26. Rg3 Bf7 27. h4 Ne6 28.
Nce2 Nxf4 29. Nxf4 Rxe3 30. Rxe3 Qxf4 31. Rd3 Qxh4 32. Qf2 Qe4 33. Rd2 Qe7 34.
Rb1 Rd5 35. Qf4 Qd8 36. Re1 a5 37. Rb1 Qb6 38. b5 cxb5 39. axb5 Rxb5 40. Rc1
Rb1 1-0

[Event "NOR ch"]
[Site "Fredrikstad"]
[Date "2003.07.11"]
[Round "8"]
[White "Gabrielsen, Stig"]
[Black "Moen, Andreas G R"]
[Result "1-0"]
[WhiteElo "2248"]
[BlackElo "2202"]
[PlyCount "87"]
[EventDate "2003.07.??"]

1. e4 e5 2. Nf3 Nf6 3. d4 Nxe4 4. dxe5 d5 5. Nbd2 Be7 6. Nxe4 dxe4 7. Qxd8+
Bxd8 8. Ng5 Nc6 9. Nxe4 Nxe5 10. Bf4 Ng6 11. Be3 O-O 12. O-O-O Be7 13. Be2 Bf5
14. Nc3 a6 15. f4 Rad8 16. Bf3 Bc8 17. g3 Rxd1+ 18. Rxd1 Rd8 19. Nd5 Bd6 20.
Bc5 b5 21. Bxd6 cxd6 22. b4 Kf8 23. Rd3 Ne7 24. Nb6 Be6 25. Ra3 Rb8 26. Rxa6
Ke8 27. Kb2 Kd8 28. Na8 d5 29. a4 bxa4 30. Ka3 Bc8 31. Rd6+ Bd7 32. Nb6 Rb7 33.
Nxd5 Nxd5 34. Bxd5 Rc7 35. c4 Ke7 36. Rb6 Be6 37. Bxe6 fxe6 38. c5 Rd7 39. Kxa4
Rd2 40. Rb7+ Kf6 41. c6 Rxh2 42. c7 Rc2 43. Kb5 g5 44. fxg5+ 1-0

[Event "NOR ch"]
[Site "Fredrikstad"]
[Date "2003.07.11"]
[Round "8"]
[White "Ostenstad, Berge"]
[Black "Johannessen, Leif Erlend"]
[Result "1-0"]
[WhiteElo "2487"]
[BlackElo "2489"]
[PlyCount "107"]
[EventDate "2003.07.??"]

1. d4 d5 2. c4 c6 3. Nf3 Nf6 4. e3 a6 5. Bd3 Bg4 6. O-O Nbd7 7. Nbd2 e6 8. b3
Be7 9. Bb2 O-O 10. Qc2 Kh8 11. Rac1 Bh5 12. Rfe1 Rc8 13. c5 b5 14. a4 Ne8 15.
e4 dxe4 16. Bxe4 Nef6 17. Ne5 Nxe4 18. Nxe4 Nf6 19. axb5 axb5 20. Ra1 Nd5 21.
Ng3 Bg6 22. Qd2 Bg5 23. Qe2 Bf6 24. Nxg6+ hxg6 25. Ne4 Be7 26. Qd2 Qd7 27. Ra6
Rfd8 28. Qa5 Rc7 29. Bc1 Kg8 30. Bg5 f6 31. Bh4 g5 32. Bg3 Nf4 33. h3 Rb7 34.
Bxf4 gxf4 35. Rd1 f3 36. gxf3 f5 37. Nc3 b4 38. Ne2 Rb5 39. Qa2 Bxc5 40. Qc2
Bb6 41. Kg2 e5 42. Qc4+ Kh7 43. Re1 exd4 44. Nf4 d3 45. Ne6 d2 46. Rd1 Re8 47.
Qh4+ Kg8 48. Ng5 Qd4 49. Qh7+ Kf8 50. Rxb6 Rxb6 51. Qxf5+ Ke7 52. Qe6+ Kd8 53.
Nf7+ Kc7 54. Qxe8 1-0

[Event "NOR ch"]
[Site "Fredrikstad"]
[Date "2003.07.11"]
[Round "8"]
[White "Fyllingen, Roy H"]
[Black "Nordahl, Helge A"]
[Result "1-0"]
[WhiteElo "2336"]
[BlackElo "2325"]
[PlyCount "107"]
[EventDate "2003.07.??"]

1. d4 Nf6 2. c4 g6 3. Nc3 Bg7 4. e4 d6 5. f3 O-O 6. Bg5 c6 7. Qd2 a6 8. a4 e5
9. dxe5 dxe5 10. Qxd8 Rxd8 11. a5 Be6 12. c5 Nbd7 13. b4 Nf8 14. Nge2 h6 15.
Bd2 Nh5 16. Na4 f5 17. Nb6 Rab8 18. exf5 gxf5 19. Ng3 Nf4 20. Ra3 N8g6 21. Nc4
Nxg2+ 22. Bxg2 Bxc4 23. Nxf5 Nf4 24. Bf1 Be6 25. Nxg7 Kxg7 26. Re3 Rxd2 27.
Kxd2 Rd8+ 28. Kc1 Kf6 29. h4 Rd4 30. Re4 Rd7 31. Bc4 Bf5 32. Re3 Rd4 33. Rc3
Bd3 34. Bxd3 Nxd3+ 35. Kb1 Rxb4+ 36. Kc2 Nf4 37. Rb1 Rb5 38. Rxb5 axb5 39. Kd2
Ke6 40. Rc1 Kd5 41. Rg1 Ne6 42. Rg6 h5 43. Rh6 Nxc5 44. Rxh5 Nb3+ 45. Ke2 Nxa5
46. Rg5 Nb3 47. h5 Nd4+ 48. Kf2 Ne6 49. Rg8 b4 50. h6 b3 51. h7 b2 52. Rg1 Nf4
53. h8=Q Nd3+ 54. Ke3 1-0

[Event "NOR ch"]
[Site "Fredrikstad"]
[Date "2003.07.11"]
[Round "8"]
[White "Lahlum, Hans Olav"]
[Black "Hersvik, Daniel"]
[Result "0-1"]
[WhiteElo "2244"]
[BlackElo "2274"]
[PlyCount "102"]
[EventDate "2003.07.??"]

1. d4 d5 2. c4 c6 3. Nc3 Nf6 4. e3 a6 5. Qc2 b5 6. b3 Bg4 7. Nge2 Nbd7 8. Nf4
g5 9. Nfe2 Bh5 10. Ng3 Bg6 11. Bd3 e5 12. Bxg6 hxg6 13. cxd5 cxd5 14. dxe5 Nxe5
15. Bb2 Rc8 16. Qd2 Bb4 17. a3 Ba5 18. Qd4 Qe7 19. O-O Rd8 20. Nxb5 Ned7 21.
Nc3 Bb6 22. Qd1 Nc5 23. b4 Ne6 24. Nce2 Rh4 25. Nd4 Qd6 26. Nf3 d4 27. Nxh4
gxh4 28. Ne2 Ng4 29. Nf4 Nxf2 30. Qa4+ Kf8 31. Nxe6+ Qxe6 32. Rxf2 dxe3 33. Re2
Qc4 34. Rae1 Rd2 35. Kf1 h3 36. gxh3 Rxb2 37. Qd7 Rd2 38. Qg4 Rd4 39. Qg5 Kg7
40. Qe5+ Kh7 41. Kg2 Rd5 42. Qe7 Qf4 43. h4 Qg4+ 44. Kh1 Qf3+ 45. Kg1 Rd4 46.
Rg2 e2 47. Kh1 Re4 48. Qg5 Qf1+ 49. Rg1 Bxg1 50. Qxg1 Rf4 51. h5 Qxe1 0-1

[Event "NOR ch"]
[Site "Fredrikstad"]
[Date "2003.07.11"]
[Round "8"]
[White "Hansen, Torbjorn R"]
[Black "Djurhuus, Rune"]
[Result "1/2-1/2"]
[WhiteElo "2308"]
[BlackElo "2541"]
[PlyCount "99"]
[EventDate "2003.07.??"]

1. e4 e6 2. d4 d5 3. Nd2 c5 4. Ngf3 cxd4 5. Nxd4 Nf6 6. e5 Nfd7 7. N2f3 Nc6 8.
Bb5 Qc7 9. O-O a6 10. Nxc6 bxc6 11. Ba4 Be7 12. c3 O-O 13. Bf4 Rd8 14. Bc2 Nf8
15. Re1 Ng6 16. Bg3 c5 17. h4 Rb8 18. h5 Nf8 19. Qe2 a5 20. Rab1 Qa7 21. h6 g6
22. Nh2 Ba6 23. Qf3 d4 24. Ng4 Bg5 25. Bf4 Bxf4 26. Qxf4 Qe7 27. Ba4 Kh8 28. f3
Bd3 29. Rbd1 Bf5 30. cxd4 Rb4 31. Bc6 cxd4 32. Nf2 d3 33. Qd2 Rc4 34. Be4 Bxe4
35. Rxe4 Rxe4 36. Nxe4 Rd5 37. Qf4 g5 38. Nxg5 Ng6 39. Qxf7 Qxf7 40. Nxf7+ Kg8
41. Ng5 Nxe5 42. Nxe6 d2 43. b3 Nc6 44. Kf2 Nb4 45. a3 Nd3+ 46. Ke3 Nb2 47.
Rxd2 Nd1+ 48. Ke2 Nc3+ 49. Ke3 Nd1+ 50. Ke2 1/2-1/2

[Event "NOR ch"]
[Site "Fredrikstad"]
[Date "2003.07.12"]
[Round "9"]
[White "Kristensen, Bjarke"]
[Black "Johannessen, Leif Erlend"]
[Result "1/2-1/2"]
[WhiteElo "2370"]
[BlackElo "2489"]
[PlyCount "28"]
[EventDate "2003.07.??"]

1. d4 d5 2. c4 c6 3. Nf3 Nf6 4. cxd5 cxd5 5. Bf4 Nc6 6. Nc3 a6 7. e3 Bf5 8. Be2
e6 9. O-O Bd6 10. Bg3 Bxg3 11. hxg3 Qd6 12. Qb3 b5 13. Rfc1 O-O 14. Qd1 Rfc8
1/2-1/2

[Event "NOR ch"]
[Site "Fredrikstad"]
[Date "2003.07.12"]
[Round "9"]
[White "Hansen, Torbjorn R"]
[Black "Fyllingen, Roy H"]
[Result "0-1"]
[WhiteElo "2308"]
[BlackElo "2336"]
[PlyCount "82"]
[EventDate "2003.07.??"]

1. e4 e5 2. Nf3 Nc6 3. Bc4 Be7 4. d4 exd4 5. c3 Nf6 6. e5 Ng4 7. cxd4 d6 8. h3
Nh6 9. Bxh6 gxh6 10. e6 d5 11. exf7+ Kxf7 12. Bb3 Bf6 13. Nc3 Re8+ 14. Kf1 Be6
15. Qd3 Kg7 16. h4 Kh8 17. Rd1 a6 18. a3 Re7 19. Ne2 Qd6 20. Ng3 Na5 21. Ba2
Nc4 22. Bxc4 dxc4 23. Qc3 Qd5 24. Qe3 Bg7 25. Kg1 Rae8 26. Re1 c5 27. dxc5 Bg8
28. Qxe7 Rxe7 29. Rxe7 Bxb2 30. Kh2 Bf6 31. Re2 Qxc5 32. Ne4 Qc7+ 33. g3 Bg7
34. Rd1 b5 35. Nd4 Qd7 36. Red2 Qe7 37. f3 Qxa3 38. Nf5 Qxf3 39. Nfd6 Be5 40.
Re1 c3 41. Rf2 Bxg3+ 0-1

[Event "NOR ch"]
[Site "Fredrikstad"]
[Date "2003.07.12"]
[Round "9"]
[White "Hersvik, Daniel"]
[Black "Hole, Oystein"]
[Result "1/2-1/2"]
[WhiteElo "2274"]
[BlackElo "2310"]
[PlyCount "93"]
[EventDate "2003.07.??"]

1. e4 c6 2. d4 d5 3. e5 Bf5 4. Nf3 e6 5. Be2 Nd7 6. O-O Ne7 7. Nbd2 h6 8. c3
Ng6 9. Ne1 Nf4 10. Bg4 Bxg4 11. Qxg4 g5 12. Qf3 f5 13. exf6 Qxf6 14. Nd3 Nxd3
15. Qxd3 Bd6 16. Nb3 O-O-O 17. f4 Rdf8 18. g3 g4 19. Be3 Qf5 20. Nc5 Nf6 21.
Rae1 Bxc5 22. Qxf5 exf5 23. dxc5 Ne4 24. Bd4 Rh7 25. Kg2 h5 26. Rd1 h4 27. Rd3
Rff7 28. Rc1 Rd7 29. b4 Rh6 30. a4 Rdh7 31. Bg1 Re7 32. c4 hxg3 33. hxg3 Nf6
34. Re3 Rxe3 35. Bxe3 dxc4 36. Rxc4 Nd5 37. Bd2 Re6 38. Kf2 Re4 39. Rxe4 fxe4
40. b5 Kd7 41. f5 Ke7 42. Bg5+ Kf7 43. bxc6 bxc6 44. a5 a6 45. Ke2 Kg7 46. Kd2
Kf7 47. Ke2 1/2-1/2

[Event "NOR ch"]
[Site "Fredrikstad"]
[Date "2003.07.12"]
[Round "9"]
[White "Lie, Kjetil A"]
[Black "Ostenstad, Berge"]
[Result "0-1"]
[WhiteElo "2477"]
[BlackElo "2487"]
[PlyCount "93"]
[EventDate "2003.07.??"]

1. c4 Nf6 2. g3 c6 3. Bg2 d5 4. Nf3 dxc4 5. O-O Nbd7 6. Qc2 Nb6 7. Na3 Be6 8.
Ng5 Qd7 9. Nxe6 Qxe6 10. e4 g6 11. b3 cxb3 12. axb3 Bg7 13. Bb2 O-O 14. d4 Qd7
15. Nc4 e6 16. Rfd1 Rfd8 17. h3 Qc7 18. f4 Ne8 19. e5 Nd5 20. Qf2 a5 21. g4 f5
22. gxf5 exf5 23. Rdc1 Nb4 24. Qg3 Bf8 25. Rd1 Ng7 26. Ne3 Qf7 27. d5 cxd5 28.
Bc3 d4 29. Bxd4 Ne6 30. Bc3 Rxd1+ 31. Rxd1 Bh6 32. Bxb4 Bxf4 33. Qf3 Bxe3+ 34.
Qxe3 axb4 35. Qb6 Nf4 36. e6 Qf6 37. Qc7 Nxe6 38. Qxb7 Ra1 39. Rxa1 Qxa1+ 40.
Kh2 Qe5+ 41. Kh1 Nf4 42. Qxb4 Kg7 43. Qb7+ Kh6 44. Qb4 Qe3 45. Qf8+ Kh5 46. Qa8
Qxb3 47. Kh2 0-1

[Event "NOR ch"]
[Site "Fredrikstad"]
[Date "2003.07.12"]
[Round "9"]
[White "Christenson, Flemming"]
[Black "Dannevig, Oystein"]
[Result "1-0"]
[WhiteElo "2272"]
[BlackElo "2335"]
[PlyCount "95"]
[EventDate "2003.07.??"]

1. Nf3 c5 2. e3 g6 3. d4 Bg7 4. c3 Qc7 5. Nbd2 Nf6 6. Bd3 O-O 7. O-O d6 8. e4
e5 9. dxe5 dxe5 10. Nc4 Nc6 11. a4 Be6 12. Qe2 h6 13. Be3 b6 14. Nfd2 Rad8 15.
Bc2 Qb7 16. f3 Nh5 17. g3 Kh7 18. Bf2 f6 19. a5 Rf7 20. axb6 axb6 21. Ne3 f5
22. Rfd1 f4 23. Nd5 fxg3 24. hxg3 Ne7 25. Ne3 b5 26. Ra5 c4 27. Rda1 Nc6 28.
Ra6 Bc8 29. Ra8 Bf6 30. Nd5 Bg5 31. Nf1 Rdf8 32. Nh2 Ng7 33. b3 cxb3 34. Bxb3
Be6 35. R8a6 Bd8 36. Bc5 Re8 37. Kg2 Nb8 38. Ra8 Nc6 39. Ng4 Bxg4 40. fxg4 Ne6
41. Bg1 Kg7 42. Kh2 Kf8 43. Nb4 Qd7 44. Rd1 Qb7 45. Bxe6 Qxa8 46. Bd5 Rf6 47.
Rf1 Kg7 48. Rxf6 1-0

[Event "NOR ch"]
[Site "Fredrikstad"]
[Date "2003.07.12"]
[Round "9"]
[White "Moen, Andreas G R"]
[Black "Ekeberg, Carl F"]
[Result "1/2-1/2"]
[WhiteElo "2202"]
[BlackElo "2240"]
[PlyCount "135"]
[EventDate "2003.07.??"]

1. d4 Nf6 2. Nf3 g6 3. c4 Bg7 4. g3 O-O 5. Bg2 d5 6. O-O dxc4 7. Na3 Nc6 8.
Nxc4 Be6 9. b3 Bd5 10. Bb2 a5 11. a4 Qc8 12. e3 Qe6 13. Qe2 Ne4 14. Ne1 Nd6 15.
Rc1 Bxc4 16. bxc4 Nb4 17. c5 Ne4 18. Nd3 f5 19. f3 Nf6 20. Nf4 Qb3 21. Qc4+
Qxc4 22. Rxc4 Nfd5 23. Nxd5 Nxd5 24. Re1 Rfd8 25. f4 Kf7 26. Kf2 c6 27. Rb1 Ra7
28. Bc1 Nf6 29. Rc2 Rd7 30. Ke2 h5 31. Kd3 h4 32. gxh4 Nd5 33. Bd2 e5 34. fxe5
Bxe5 35. Bxd5+ Rxd5 36. Bc3 Bf6 37. Rf1 Ra8 38. h5 gxh5 39. Rcf2 Ke6 40. Kc4
Be7 41. e4 fxe4 42. Re2 Kd7 43. Rxe4 Rf8 44. Rxf8 Bxf8 45. Bxa5 Rf5 46. Re2 Be7
47. Be1 Rf1 48. a5 Bd8 49. Bd2 Bc7 50. d5 cxd5+ 51. Kxd5 Rf5+ 52. Kc4 Rf3 53.
h4 Ra3 54. Bb4 Rh3 55. Be1 Bg3 56. Bxg3 Rxg3 57. Rd2+ Kc6 58. Rd6+ Kc7 59. Rh6
Rg4+ 60. Kb5 Rxh4 61. Rh7+ Kb8 62. a6 bxa6+ 63. Kc6 Rg4 64. Rh8+ Ka7 65. Rxh5
Rg6+ 66. Kd5 Kb7 67. Rh7+ Kc8 68. Rh8+ 1/2-1/2